| 000 | 01057nam a2200325 i 4500 | ||
|---|---|---|---|
| 003 | EG-GICUC | ||
| 005 | 20260121101730.0 | ||
| 008 | 260115s1938 fr ||||fr|||| 000 0 fre d | ||
| 040 |
_aEG-GiCUC _bfre _cEG-GiCUC _dEG-GiCUC _erda |
||
| 041 | _afre | ||
| 082 | 0 | 4 |
_221 _a341.33 _bBL . É |
| 092 | 0 | 4 | _221 |
| 099 | _aLaw1 11 341.33 BL . É 1938 | ||
| 100 | 1 |
_a Blaga, Corneliu S. _eAuthor. |
|
| 245 | 1 | 2 |
_aL'évolution De La Diplomatie / _c Corneliu S. Blaga. |
| 264 | 1 |
_aParis : _bLibrairie De La Cour D'appel Et De L'ordre Des Avocats, _c1938 |
|
| 300 |
_a494 pages, _c24 cm _billustration ; |
||
| 336 |
_2rda content _atext |
||
| 337 |
_2rda media _aComputer |
||
| 338 |
_2rda carrier _aOnline Resource |
||
| 490 | _aInstitut De Droit Compare De L'université De Paris | ||
| 504 | _aBibliography: pages 481-483. | ||
| 546 | _aTexte en français | ||
| 650 | 1 | 4 |
_2qrmak _aDiplomatie |
| 650 | 1 | 4 | _2Corps diplomatique |
| 651 | 1 | _2qrmak | |
| 856 | 4 | 0 | _uhttps://fll.law.cu.edu.eg/fulltext/bks/B11-07001.pdf |
| 905 | _a79 | ||
| 942 |
_2ddc _cBK _e21 _n0 |
||
| 999 |
_c57231 _d57231 |
||